[Event "Madrid-ch Seniors 65"]
[Site "Madrid"]
[Date "2019.01.29"]
[Round "7"]
[White "Perez Cameselle, Francisco Jose"]
[Black "Garcia Esteban, Ignacio"]
[Result "1/2-1/2"]
[WhiteElo "1767"]
[BlackElo "1807"]
[PlyCount "83"]
[EventDate "2019.01.21"]
[EventType "swiss"]
[EventRounds "7"]
[EventCountry "ESP"]
[SourceTitle "CBM 188 Extra"]
[Source "ChessBase"]
[SourceDate "2019.02.26"]
[SourceVersion "1"]
[SourceVersionDate "2019.02.26"]
[SourceQuality "1"]

1. Nf3 Nf6 2. g3 g6 3. Bg2 Bg7 4. 0-0 d5 5. c4 0-0 6. cxd5 Nxd5 7. Nc3 Nxc3 8. bxc3 c6 9. Qb3 Nd7 10. Rb1 Nb6 11. d3 Nd5 12. Bd2 Nb6 13. c4 Re8 14. Ba5 Qd7 15. Bc3 e5 16. Nd2 Qe7 17. Ne4 Nd7 18. Bb4 c5 19. Ba3 f5 20. Nc3 e4 21. Nd5 Qd8 22. dxe4 fxe4 23. Bb2 Nb6 24. Bxg7 Nxd5 25. cxd5 Kxg7 26. Qc3+ Qf6 27. Qxc5 b6 28. Qc6 Qxc6 29. dxc6 Ba6 30. Rfe1 Rac8 31. Rbc1 Rc7 32. f3 Re6 33. fxe4 Rexc6 34. Rxc6 Rxc6 35. Rd1 Rc7 36. Kf2 Kf6 37. Ke3 Rc2 38. Rd2 Rxd2 39. Kxd2 Bc4 40. a3 Ke5 41. Bf3 Bb5 42. Kc3 1/2-1/2

[Event "Madrid-ch Seniors 50"]
[Site "Madrid"]
[Date "2019.01.10"]
[Round "4"]
[White "Perez Cameselle, Francisco Jose"]
[Black "Fernandez Garcia, Ignacio"]
[Result "1/2-1/2"]
[WhiteElo "1767"]
[BlackElo "1769"]
[PlyCount "104"]
[EventDate "2019.01.07"]
[EventType "swiss"]
[EventRounds "9"]
[EventCountry "ESP"]
[SourceTitle "CBM 188 Extra"]
[Source "ChessBase"]
[SourceDate "2019.02.26"]
[SourceVersion "1"]
[SourceVersionDate "2019.02.26"]
[SourceQuality "1"]

1. e4 d6 2. d4 Nf6 3. Nc3 c6 4. Nf3 g6 5. Be2 Bg7 6. 0-0 0-0 7. a4 Qc7 8. Bf4 Nh5 9. Be3 e5 10. Qd2 Re8 11. Rfd1 Nf6 12. dxe5 dxe5 13. Bh6 Nbd7 14. Bxg7 Kxg7 15. a5 Nc5 16. Qe3 Qe7 17. h3 h6 18. Bc4 Ncd7 19. Bb3 Nh5 20. Ne2 g5 21. Ng3 Nxg3 22. fxg3 Qc5 23. Kf2 Qxe3+ 24. Kxe3 Nc5 25. Bc4 g4 26. hxg4 Bxg4 27. b4 Nd7 28. Rd6 Nf6 29. a6 b5 30. Bb3 Rac8 31. c4 Re7 32. c5 Rcc7 33. Nh4 Red7 34. Bd1 Be6 35. Nf5+ Bxf5 36. exf5 Rxd6 37. cxd6 Rd7 38. Bf3 Rxd6 39. Rc1 Nd5+ 40. Bxd5 cxd5 41. Rc5 Kf6 42. g4 h5 43. gxh5 Kxf5 44. Rc7 d4+ 45. Kd2 Rxa6 46. Rxf7+ Ke4 47. Rc7 Ra2+ 48. Rc2 Rxc2+ 49. Kxc2 Kf5 50. Kd3 Kg5 51. g4 Kh6 52. Ke4 Kg5 1/2-1/2

[Event "San Sebastian de los Reyes op 20th"]
[Site "San Sebastian"]
[Date "2018.12.08"]
[Round "8"]
[White "Perez Cameselle, Francisco Jose"]
[Black "Rial Rodriguez, Marta"]
[Result "1-0"]
[WhiteElo "1783"]
[BlackElo "1503"]
[PlyCount "56"]
[EventDate "2018.12.01"]
[EventType "swiss"]
[EventRounds "9"]
[EventCountry "ESP"]
[SourceTitle "CBM 187 Extra"]
[Source "ChessBase"]
[SourceDate "2018.11.04"]
[SourceVersion "1"]
[SourceVersionDate "2018.11.04"]
[SourceQuality "1"]

1. Nf3 c5 2. g3 d6 3. Bg2 Nc6 4. 0-0 Nf6 5. d3 g6 6. e4 Bg7 7. a4 Rb8 8. Nbd2 a6 9. c3 Nd7 10. h4 h5 11. Nc4 b5 12. axb5 axb5 13. Ne3 Nb6 14. d4 c4 15. Ng5 Bd7 16. Qe2 e6 17. Bd2 0-0 18. f4 f6 19. Nh3 Ne7 20. Kh2 Qc8 21. Nc2 Kh8 22. Nb4 Re8 23. Be3 Kh7 24. Qf2 d5 25. e5 f5 26. Ra2 Na4 27. Bf3 Nc6 28. Nxc6 Qxc6 1-0

[Event "Collado Villalba op-A 35th"]
[Site "Collado Villalba"]
[Date "2018.08.30"]
[Round "7"]
[White "Cuellar Gutierrez, Raul"]
[Black "Perez Cameselle, Francisco Jose"]
[Result "1-0"]
[WhiteElo "1927"]
[BlackElo "1790"]
[PlyCount "75"]
[EventDate "2018.08.24"]
[EventType "swiss"]
[EventRounds "9"]
[EventCountry "ESP"]
[SourceTitle "CBM 186 Extra"]
[Source "ChessBase"]
[SourceDate "2018.08.24"]
[SourceVersion "1"]
[SourceVersionDate "2018.08.24"]
[SourceQuality "1"]

1. d4 f5 2. Nc3 d5 3. Nf3 e6 4. Bf4 c6 5. g3 Nf6 6. Bg2 Be7 7. 0-0 0-0 8. Ne5 Nbd7 9. f3 Nxe5 10. Bxe5 Qe8 11. Qd3 Qh5 12. Nd1 Bd7 13. Nf2 g5 14. c4 Rac8 15. c5 Rce8 16. a4 g4 17. b4 gxf3 18. exf3 a6 19. b5 axb5 20. axb5 Ra8 21. b6 Rfc8 22. Ra7 Rxa7 23. bxa7 Ra8 24. Bb8 Bc8 25. Qe3 Ne8 26. Nh3 Qf7 27. Re1 Bf6 28. Nf4 Bg5 29. Bf1 Nf6 30. Qe5 Bxf4 31. Qxf4 Ne8 32. Bd3 Nf6 33. Kh1 Nh5 34. Qg5+ Ng7 35. g4 fxg4 36. Qxg4 Qh5 37. Qg3 Qf7 38. Rg1 1-0

[Event "Collado Villalba op-A 35th"]
[Site "Collado Villalba"]
[Date "2018.08.26"]
[Round "3"]
[White "Perez Cameselle, Francisco Jose"]
[Black "Garcia Galeote, Lorenzo"]
[Result "1-0"]
[WhiteElo "1790"]
[BlackElo "1899"]
[PlyCount "115"]
[EventDate "2018.08.24"]
[EventType "swiss"]
[EventRounds "9"]
[EventCountry "ESP"]
[SourceTitle "CBM 186 Extra"]
[Source "ChessBase"]
[SourceDate "2018.08.24"]
[SourceVersion "1"]
[SourceVersionDate "2018.08.24"]
[SourceQuality "1"]

1. e4 b6 2. d4 Bb7 3. Nc3 e6 4. a3 g6 5. Nf3 Bg7 6. Bd3 d6 7. 0-0 Ne7 8. Be3 Nd7 9. Re1 h6 10. h4 Nf6 11. Qe2 a6 12. Rad1 d5 13. exd5 Nexd5 14. Nxd5 Qxd5 15. c4 Qh5 16. d5 0-0 17. dxe6 fxe6 18. Bf4 Rae8 19. Bxc7 Ng4 20. Be4 Bxe4 21. Qxe4 Rf7 22. Bxb6 g5 23. Rd8 Rxd8 24. Bxd8 Nxf2 25. Kxf2 g4 26. Kg1 gxf3 27. gxf3 Bf8 28. Kh1 Bc5 29. Qg4+ Qxg4 30. fxg4 Rd7 31. Bf6 Kf7 32. Bc3 Rd3 33. Rf1+ Ke7 34. Bf6+ Kd7 35. Kg2 Bd4 36. g5 hxg5 37. hxg5 Ke8 38. Rf3 Rd2+ 39. Kg3 Bxf6 40. Rxf6 Ke7 41. Rf2 Rd4 42. Rc2 Kd6 43. c5+ Kc6 44. g6 e5 45. g7 Rd8 46. Kf3 Rg8 47. Rg2 Kxc5 48. Ke4 Kd6 49. Rg6+ Ke7 50. Kxe5 Kf7 51. Rg2 Re8+ 52. Kd5 Kg8 53. b4 Rc8 54. a4 Rc3 55. b5 axb5 56. axb5 Rb3 57. Kc6 Rc3+ 58. Kb7 1-0

[Event "Mostoles op 9th"]
[Site "Mostoles"]
[Date "2018.07.17"]
[Round "1"]
[White "Perez Cameselle, Francisco Jose"]
[Black "Mkrtchyan, Levon"]
[Result "0-1"]
[WhiteElo "1641"]
[BlackElo "2132"]
[PlyCount "156"]
[EventDate "2018.07.17"]
[EventType "swiss"]
[EventRounds "9"]
[EventCountry "ESP"]
[SourceTitle "CBM 186 Extra"]
[Source "ChessBase"]
[SourceDate "2018.08.24"]
[SourceVersion "1"]
[SourceVersionDate "2018.08.24"]
[SourceQuality "1"]

1. Nf3 Nf6 2. g3 g6 3. Bg2 Bg7 4. 0-0 c5 5. c4 Nc6 6. Nc3 d6 7. d4 cxd4 8. Nxd4 Bd7 9. h3 0-0 10. Be3 Qc8 11. Nxc6 bxc6 12. Kh2 Rb8 13. Qd2 Qa6 14. b3 Qa5 15. Rac1 Qh5 16. Bxa7 Ra8 17. Be3 Ng4+ 18. Kg1 Nxe3 19. Qxe3 Bh6 20. f4 Bxh3 21. Bxc6 Bxf1 22. Bxa8 Rxa8 23. Rxf1 Bg7 24. Na4 Qa5 25. Rd1 Bf6 26. Qd2 Qa7+ 27. Kg2 Rc8 28. Qd3 e6 29. Qf3 d5 30. cxd5 exd5 31. Rxd5 Rc2 32. Qe4 Rxa2 33. Qe8+ Kg7 34. Rd7 Rxe2+ 35. Qxe2 Qxd7 36. Qf3 Qd2+ 37. Kh3 Qb4 38. Qd5 h5 39. Nc5 Qe1 40. Nd7 h4 41. Qf3 hxg3 42. Nxf6 Kxf6 43. Qxg3 Qh1+ 44. Qh2 Qf1+ 45. Kg3 Qd3+ 46. Kg4 Qxb3 47. Qh4+ Kg7 48. Qe7 Qd1+ 49. Kg3 Qg1+ 50. Kf3 Qd4 51. Kg3 Qf6 52. Qe2 Qc3+ 53. Kg4 Qd4 54. Qe7 Qf2 55. Qe5+ Kh7 56. Qf6 Qg2+ 57. Kh4 Qd5 58. Kg3 Kg8 59. Kf2 Qd3 60. Kg2 Qe3 61. Kh2 Qf3 62. Kg1 Qe2 63. Kh1 Qf2 64. Qg5 Kg7 65. Qe5+ Kh7 66. Qf6 Kg8 67. Qg5 Qf3+ 68. Kh2 Qh5+ 69. Kg3 Qxg5+ 70. fxg5 Kf8 71. Kf4 Ke8 72. Ke4 Ke7 73. Ke5 Kf8 74. Kf6 Ke8 75. Ke5 Ke7 76. Kf4 Kd6 77. Ke4 Ke6 78. Kf4 Kd5 0-1

[Event "Tres Cantos op 10th"]
[Site "Tres Cantos"]
[Date "2018.06.29"]
[Round "9.33"]
[White "Perez Cameselle, Francisco Jose"]
[Black "Limache Toledo, Piero Jose Carlos"]
[Result "1-0"]
[WhiteElo "1764"]
[BlackElo "1487"]
[PlyCount "129"]
[EventDate "2018.06.21"]
[EventType "swiss"]
[EventRounds "9"]
[EventCountry "ESP"]
[SourceTitle "EXT 2024"]
[Source "ChessBase"]
[SourceDate "2023.10.10"]
[SourceVersion "1"]
[SourceVersionDate "2023.10.10"]
[SourceQuality "1"]

1. e4 c5 2. Nf3 d6 3. d4 cxd4 4. Nxd4 g6 5. c4 Bg7 6. Nc3 Nf6 7. Be2 0-0 8. Be3 Bd7 9. 0-0 Nc6 10. f3 Rc8 11. Rc1 Ne5 12. b3 a6 13. Qd2 Re8 14. Nd5 Nxd5 15. cxd5 e6 16. f4 exd5 17. fxe5 dxe5 18. Nf3 d4 19. Bg5 f6 20. Rxc8 Bxc8 21. Bc4+ Be6 22. Bxe6+ Rxe6 23. Bh6 Bh8 24. Rc1 b5 25. Qc2 Rd6 26. Qc8 d3 27. Qxd8+ Rxd8 28. h4 Bg7 29. Bxg7 Kxg7 30. Kf2 f5 31. Ke3 f4+ 32. Kd2 h6 33. Rc7+ Kg8 34. Rc6 Kh7 35. Rxa6 b4 36. Ra7+ Kg8 37. Ra4 g5 38. hxg5 hxg5 39. Rxb4 Ra8 40. a4 Kg7 41. Nxe5 Kh6 42. Nxd3 Kh5 43. Ke2 Kh4 44. e5 Kg3 45. Ne1 Rc8 46. Rc4 Re8 47. Re4 Re6 48. a5 Kg4 49. b4 Kf5 50. Kd3 Rc6 51. Rc4 Ra6 52. Rc5 Ra8 53. e6+ Kf6 54. Ke4 Ra6 55. Re5 Ra8 56. e7 Re8 57. a6 g4 58. Kxf4 Kf7 59. b5 g3 60. a7 Kf6 61. a8Q Rxa8 62. e8Q Ra4+ 63. Re4 Ra7 64. Re6+ Kg7 65. Rg6+ 1-0

[Event "Madrid-ch sf"]
[Site "Madrid"]
[Date "2018.05.07"]
[Round "3"]
[White "Spitzer Isbert, Ramon"]
[Black "Perez Cameselle, Francisco Jose"]
[Result "1/2-1/2"]
[WhiteElo "2019"]
[BlackElo "1795"]
[PlyCount "74"]
[EventDate "2018.05.05"]
[EventType "swiss"]
[EventRounds "9"]
[EventCountry "ESP"]
[SourceTitle "CBM 184 Extra"]
[Source "ChessBase"]
[SourceDate "2018.06.28"]
[SourceVersion "1"]
[SourceVersionDate "2018.06.28"]
[SourceQuality "1"]

1. g3 e5 2. Bg2 Nf6 3. c4 d5 4. cxd5 Nxd5 5. Nc3 Nxc3 6. bxc3 Bc5 7. Nf3 Nc6 8. 0-0 0-0 9. Rb1 Rb8 10. Rb5 Bd6 11. d3 a6 12. Rb1 Be6 13. Qa4 Be7 14. h4 h6 15. Rd1 Qe8 16. Ne1 Bd7 17. Rd2 Bd6 18. Qd1 f5 19. Rdb2 b6 20. Bd5+ Be6 21. Qb3 Bxd5 22. Qxd5+ Kh7 23. Be3 Ne7 24. Qf3 f4 25. Qe4+ Qg6 26. Qxg6+ Nxg6 27. h5 Ne7 28. gxf4 exf4 29. Bd2 Nd5 30. Nf3 Nf6 31. Kg2 Rbe8 32. Nd4 Nxh5 33. Kf3 Bc5 34. Rh1 Nf6 35. Be1 Bxd4 36. cxd4 Nd5 37. Rc2 Re6 1/2-1/2

[Event "San Sebastian de los Reyes op 19th"]
[Site "San Sebastian"]
[Date "2017.12.05"]
[Round "4"]
[White "Perez Cameselle, Francisco Jose"]
[Black "Torres Bosch, Jose Francisco"]
[Result "0-1"]
[WhiteElo "1755"]
[BlackElo "2143"]
[PlyCount "72"]
[EventDate "2017.12.02"]
[EventType "swiss"]
[EventRounds "9"]
[EventCountry "ESP"]
[SourceTitle "CBM 182 Extra"]
[Source "ChessBase"]
[SourceDate "2018.02.23"]
[SourceVersion "1"]
[SourceVersionDate "2018.02.23"]
[SourceQuality "1"]

1. e4 c5 2. Nf3 d6 3. d4 cxd4 4. Nxd4 Nf6 5. Nc3 a6 6. Be2 e5 7. Nb3 Be7 8. 0-0 0-0 9. a4 Be6 10. Bg5 Nc6 11. Bxf6 Bxf6 12. Nd5 Bg5 13. f4 exf4 14. Nxf4 Qb6+ 15. Kh1 Bxb3 16. cxb3 Qe3 17. Nd5 Qxe4 18. Bf3 Qh4 19. Qe1 Qh6 20. Qf2 Ne5 21. Rad1 Rac8 22. Nc3 Bf4 23. g3 Be3 24. Qg2 Nxf3 25. Qxf3 b5 26. axb5 axb5 27. Nxb5 Rc2 28. h4 Qe6 29. Qf5 Qxb3 30. Nxd6 Qxb2 31. Qh3 Qa2 32. Rf3 Qa8 33. Rdf1 Rd8 34. Nf5 Rd1 35. g4 Rxf1+ 36. Qxf1 Rc1 0-1

[Event "Madrid Chamartin op 6th"]
[Site "Madrid"]
[Date "2017.09.09"]
[Round "8"]
[White "Perez Cameselle, Francisco Jose"]
[Black "Lobato Lavin, Alvaro"]
[Result "0-1"]
[WhiteElo "1789"]
[BlackElo "1937"]
[PlyCount "86"]
[EventDate "2017.09.04"]
[EventType "swiss"]
[EventRounds "9"]
[EventCountry "ESP"]
[SourceTitle "CBM 180 Extra"]
[Source "ChessBase"]
[SourceDate "2017.10.06"]
[SourceVersion "1"]
[SourceVersionDate "2017.10.06"]
[SourceQuality "1"]

1. d4 Nf6 2. c4 c5 3. d5 e6 4. Nc3 exd5 5. cxd5 d6 6. g3 g6 7. Bg2 Bg7 8. Nf3 0-0 9. 0-0 a6 10. a4 Nbd7 11. Bf4 Qc7 12. Nd2 Nh5 13. Be3 Ne5 14. Nf3 Qe7 15. Nxe5 Bxe5 16. Bd2 f5 17. Bf3 f4 18. Qc1 Bh3 19. Re1 Rf7 20. Ne4 Bf5 21. Nc3 fxg3 22. hxg3 Raf8 23. Bg5 Bf6 24. Bh6 Ng7 25. Bg2 Re8 26. e4 Bd7 27. Qc2 g5 28. Bxg7 Kxg7 29. Ne2 Ref8 30. f3 b5 31. axb5 Bxb5 32. Nc3 Bd4+ 33. Kh2 Qf6 34. Bh3 Qxf3 35. Nxb5 Qf2+ 36. Qxf2 Rxf2+ 37. Kh1 axb5 38. Ra7+ R8f7 39. Rxf7+ Kxf7 40. Rf1 Rxf1+ 41. Bxf1 c4 42. b3 c3 43. Bxb5 c2 0-1

[Event "Collado Villalba op-A 34th"]
[Site "Collado Villalba"]
[Date "2017.08.28"]
[Round "7"]
[White "Rodriguez Yague, Fermin"]
[Black "Perez Cameselle, Francisco Jose"]
[Result "1/2-1/2"]
[WhiteElo "1643"]
[BlackElo "1789"]
[PlyCount "127"]
[EventDate "2017.08.22"]
[EventType "swiss"]
[EventRounds "9"]
[EventCountry "ESP"]
[SourceTitle "CBM 180 Extra"]
[Source "ChessBase"]
[SourceDate "2017.10.06"]
[SourceVersion "1"]
[SourceVersionDate "2017.10.06"]
[SourceQuality "1"]

1. e4 g6 2. d4 c6 3. Nf3 d5 4. e5 Bg4 5. Be2 Bg7 6. c3 Qb6 7. 0-0 e6 8. Qb3 Qxb3 9. axb3 Ne7 10. b4 Bxf3 11. Bxf3 Na6 12. Nd2 Nc7 13. Nb3 a6 14. Be2 0-0-0 15. Bg5 Rde8 16. Nc5 h6 17. Bxe7 Rxe7 18. f4 h5 19. Ra2 Bh6 20. h4 Rf8 21. g3 Nb5 22. Kg2 Rc7 23. Kg1 Re8 24. Kg2 Bf8 25. Kh3 Bxc5 26. bxc5 Rce7 27. Bxb5 cxb5 28. b4 Kc7 29. Rfa1 Rf8 30. Rd2 f6 31. Kg2 fxe5 32. dxe5 Rd7 33. Rd4 Ra8 34. Kf2 b6 35. cxb6+ Kxb6 36. Ke3 Rc7 37. Kd3 Rac8 38. Ra3 Ra7 39. Ra5 Rac7 40. Ra3 Rc4 41. Rxc4 Rxc4 42. Rb3 Re4 43. Rb1 a5 44. bxa5+ Kxa5 45. Ra1+ Ra4 46. Rb1 Ra2 47. Rg1 Rf2 48. Ra1+ Kb6 49. Rg1 Kc5 50. Ke3 Rc2 51. Kd3 Rh2 52. Re1 Rf2 53. Re3 Ra2 54. g4 hxg4 55. Rg3 Ra3 56. Rxg4 d4 57. Rxg6 Rxc3+ 58. Kd2 Kd5 59. h5 b4 60. h6 Rh3 61. Kc2 b3+ 62. Kc1 Rh2 63. Kb1 d3 64. Rg1 1/2-1/2

[Event "Collado Villalba op-A 34th"]
[Site "Collado Villalba"]
[Date "2017.08.25"]
[Round "4"]
[White "Perez Cameselle, Francisco Jose"]
[Black "Cardena Contreras, Javier"]
[Result "1/2-1/2"]
[WhiteElo "1789"]
[BlackElo "1925"]
[PlyCount "131"]
[EventDate "2017.08.22"]
[EventType "swiss"]
[EventRounds "9"]
[EventCountry "ESP"]
[SourceTitle "CBM 180 Extra"]
[Source "ChessBase"]
[SourceDate "2017.10.06"]
[SourceVersion "1"]
[SourceVersionDate "2017.10.06"]
[SourceQuality "1"]

1. Nf3 Nf6 2. g3 d5 3. Bg2 c5 4. c4 Nc6 5. cxd5 Nxd5 6. Nc3 Nxc3 7. bxc3 g6 8. 0-0 Bg7 9. Qb3 0-0 10. Rb1 Bd7 11. d3 Rb8 12. Bf4 e5 13. Be3 b6 14. Nd2 Qc7 15. f4 Na5 16. Qc2 Bc6 17. Nf3 e4 18. dxe4 Nc4 19. Bc1 Qb7 20. Ne1 Rfe8 21. e5 Rbd8 22. Bxc6 Qxc6 23. Ng2 f6 24. Qb3 Qe6 25. Ne3 Nxe3 26. Qxe6+ Rxe6 27. Bxe3 fxe5 28. f5 gxf5 29. Rxf5 Red6 30. Kg2 Rd1 31. Rf1 Rxb1 32. Rxb1 e4 33. c4 Rd7 34. a4 Bc3 35. g4 Bd4 36. Rd1 Kf7 37. Bf4 Ke6 38. e3 Bf6 39. Rxd7 Kxd7 40. g5 Bg7 41. Kg3 a6 42. Bb8 Kc8 43. Bd6 Kd7 44. Bb8 Kc8 45. Bd6 Kd7 46. Bb8 Kc6 47. Kf4 b5 48. axb5+ axb5 49. cxb5+ Kxb5 50. Kxe4 c4 51. Bd6 Ka4 52. Kd5 Kb3 53. e4 c3 54. Bf4 c2 55. e5 Bf8 56. e6 Kb2 57. h4 Kc3 58. h5 Kd3 59. g6 hxg6 60. hxg6 Bb4 61. Bc1 Bd2 62. Ba3 Bb4 63. Bb2 Bc3 64. Bc1 Bd2 65. Ba3 Bb4 66. Bc1 1/2-1/2

[Event "Collado Villalba op-A 34th"]
[Site "Collado Villalba"]
[Date "2017.08.24"]
[Round "3"]
[White "Lacrosse, Marc"]
[Black "Perez Cameselle, Francisco Jose"]
[Result "1/2-1/2"]
[WhiteElo "2173"]
[BlackElo "1789"]
[PlyCount "111"]
[EventDate "2017.08.22"]
[EventType "swiss"]
[EventRounds "9"]
[EventCountry "ESP"]
[SourceTitle "CBM 180 Extra"]
[Source "ChessBase"]
[SourceDate "2017.10.06"]
[SourceVersion "1"]
[SourceVersionDate "2017.10.06"]
[SourceQuality "1"]

1. d4 e6 2. c4 Nf6 3. Nf3 b6 4. a3 Be7 5. Nc3 Bb7 6. d5 0-0 7. e4 a5 8. Bd3 Na6 9. 0-0 Nc5 10. Bc2 d6 11. Bd2 e5 12. b4 axb4 13. axb4 Rxa1 14. Qxa1 Ncd7 15. Qb2 c6 16. Ra1 Qc7 17. Bd3 Ra8 18. Rxa8+ Bxa8 19. Qa2 Bb7 20. h3 Qb8 21. dxc6 Bxc6 22. Be3 Qa8 23. Qxa8+ Bxa8 24. Nd2 Bc6 25. Bc2 Kf8 26. Ba4 Bxa4 27. Nxa4 Bd8 28. Kf1 Ke8 29. Ke2 Bc7 30. Kd3 Kd8 31. Nb1 Kc8 32. Nbc3 Kb7 33. Nb5 Ng8 34. Nac3 Ne7 35. Nd5 Nxd5 36. cxd5 Bb8 37. Kc4 Ka6 38. Bg5 f6 39. Be3 Nf8 40. g4 g5 41. Na3 Ng6 42. b5+ Kb7 43. Nc2 Bc7 44. Nb4 Nh4 45. Kd3 Nf3 46. Nc6 Ng1 47. Ne7 Nxh3 48. f3 Bd8 49. Nf5 Kc7 50. Ke2 Kd7 51. Kf1 Nf4 52. Bxf4 exf4 53. Kg2 Be7 54. Kh3 Bd8 55. Kg2 Be7 56. Kh3 1/2-1/2